|
|
|
|
| LEADER |
00000nam a2200000 a 4500 |
| 001 |
vtls011496438 |
| 003 |
SK-MaSNL |
| 005 |
20260301091805.0 |
| 008 |
181130s2015 xo ab e n 000 0 slo |
| 015 |
|
|
|a SNBA2016/04
|
| 020 |
|
|
|a 9788022339650
|q (brož.)
|
| 035 |
|
|
|a urn:nbn:sk:snk-am00bclb
|
| 035 |
|
|
|a urn:nbn:sk:snk-am3h97x
|
| 035 |
|
|
|a 4CC00E9D-CE37-45F7-A2F5-905DEEE60E7C
|
| 040 |
|
|
|a SNK
|b slo
|c SNK
|e AACR2
|
| 041 |
0 |
|
|a slo
|
| 044 |
|
|
|a xo
|c SK
|
| 072 |
|
7 |
|a 37
|x Výchova a vzdelávanie
|2 konspekt
|
| 080 |
|
|
|a 37.01/.09:57.081.1
|2 2011
|
| 080 |
|
|
|a 37.0:001.895
|2 2001
|
| 080 |
|
|
|a 37.03
|2 2001
|
| 080 |
|
|
|a (048.8)
|2 2011
|
| 080 |
|
|
|a 374
|2 2011
|
| 245 |
0 |
0 |
|a Vonkajšie prostredie ako priestor pre vzdelávanie a učenie sa
|c Elena Čipková ... [et al.]
|
| 250 |
|
|
|a 1. vyd.
|
| 260 |
|
|
|a V Bratislave
|b Univerzita Komenského
|c 2015
|
| 300 |
|
|
|a 293 s.
|b ilustr., mp.
|c 30 cm
|
| 366 |
|
|
|e 100 výt.
|
| 504 |
|
|
|a Bibliogr. odkazy
|
| 650 |
0 |
7 |
|a prírodovedné vzdelávanie
|2 SNKPH
|9 101765
|
| 650 |
0 |
7 |
|a Educational innovations
|2 SNKPHeng
|9 303041
|
| 650 |
0 |
7 |
|a inovácie vo vzdelávaní
|2 SNKPH
|9 79699
|
| 650 |
0 |
7 |
|a kľúčové kompetencie
|2 SNKPH
|9 67544
|
| 650 |
0 |
7 |
|a Key competences
|2 SNKPHeng
|9 270153
|
| 650 |
0 |
7 |
|a mimoškolské vzdelávanie
|2 SNKPH
|9 66292
|
| 650 |
0 |
7 |
|a Out-of-school education
|2 SNKPHeng
|9 339656
|
| 650 |
0 |
7 |
|a Science education
|2 SNKPHeng
|9 329546
|
| 655 |
|
7 |
|a monografie
|2 SNKPH
|9 70139
|
| 655 |
|
7 |
|a Monographs
|2 SNKPHeng
|9 120675
|
| 700 |
1 |
|
|a Čipková, Elena,
|d 1975-
|4 aut
|9 222123
|
| 700 |
1 |
|
|a Karolčík, Štefan,
|d 1970-
|4 aut
|9 248751
|
| 700 |
1 |
|
|a Žarnovičan, Hubert
|4 aut
|9 70248
|
| 700 |
1 |
|
|a Droppová, Katarína
|4 aut
|9 421600
|
| 752 |
|
|
|a Slovensko
|d Bratislava
|
| 919 |
|
|
|a 978-80-223-3965-0
|
| 958 |
|
|
|a NB
|
| 999 |
|
|
|c 672152
|d 674082
|
| 952 |
|
|
|a SNK
|b SNK
|y PREZ
|7 0
|p 17A1181214
|o snkSB 89656
|i snk2016/5177
|8 0
|0 0
|1 0
|4 0
|d 2016-02-23
|f 1
|l 0
|r 2025-05-12 00:00:00
|w 2026-02-23
|
| 952 |
|
|
|a SNK
|b SNK
|y VYP
|7 0
|p 17A1181215
|o snkSB 89656 D1
|i snk2016/5179
|8 0
|0 0
|1 0
|4 0
|d 2016-02-23
|l 0
|r 2026-02-23 19:30:25
|w 2026-02-23
|